King Sturge property predictions 2009 (Record no. 109170)

MARC details
000 -LEADER
fixed length control field 01394cad a22002295a 4500
001 - CONTROL NUMBER
control field L146442
008 - FIXED-LENGTH DATA ELEMENTS--GENERAL INFORMATION
fixed length control field 090121s2009 xxkd f s 000 0 eng d
035 ## - SYSTEM CONTROL NUMBER
System control number (Sirsi) u146442
041 0# - LANGUAGE CODE
Language code of text/sound track or separate title eng
050 04 - LIBRARY OF CONGRESS CALL NUMBER
Classification number 333.332 $2 18
110 2# - MAIN ENTRY--CORPORATE NAME
Corporate name or jurisdiction name as entry element King Sturge
9 (RLIN) 3877
245 00 - TITLE STATEMENT
Title King Sturge property predictions 2009
Medium [electronic resource]
260 ## - PUBLICATION, DISTRIBUTION, ETC.
Place of publication, distribution, etc. [S.l.]
Name of publisher, distributor, etc. King Sturge
Date of publication, distribution, etc. 2009
520 ## - SUMMARY, ETC.
Summary, etc. Considers the broad economic and property outlook for 2009, making predictions for all UK property sectors. Suggests that a two tier market is emerging with only well let income-producing prime property in the UK producing a steady return, and that secondary and tertiary un-let property will continue to fall in capital value by more than 20%. Observes that the fear of empty rates taxation is exacerbating the problem. Predicts that average house prices will fall by another -15 to -20% in 2009. Includes some discussion of the community infrastructure levy and planning. Concludes that the energy-climate era has arrived.
590 ## - LOCAL NOTE (RLIN)
Local note KA NTK
650 24 - SUBJECT ADDED ENTRY--TOPICAL TERM
Topical term or geographic name entry element COMMUNITY INFRASTRUCTURE LEVY
651 #4 - SUBJECT ADDED ENTRY--GEOGRAPHIC NAME
Geographic name United Kingdom
Chronological subdivision
690 ## - LOCAL SUBJECT ADDED ENTRY--TOPICAL TERM (OCLC, RLIN)
Topical term or geographic name as entry element PROPERTY-COMMERCIAL PROPERTY-COMMERCIAL PROPERTY MARKET
690 ## - LOCAL SUBJECT ADDED ENTRY--TOPICAL TERM (OCLC, RLIN)
Topical term or geographic name as entry element PROPERTY-COMMERCIAL PROPERTY-OFFICE PROPERTY
856 40 - ELECTRONIC LOCATION AND ACCESS
Uniform Resource Identifier <a href="https://www.kingsturge.com/">https://www.kingsturge.com/</a>
Public note View the research report free of charge (registration required) at www.kingsturge.com...
942 ## - ADDED ENTRY ELEMENTS (KOHA)
Suppress in OPAC 0
Holdings
Withdrawn status Lost status Source of classification or shelving scheme Damaged status Not for loan Home library Current library Shelving location Date acquired Total Checkouts Full call number Barcode Date last seen Copy number Price effective from Koha item type
    Dewey Decimal Classification     Virtual Virtual Online 21/01/2009   ONLINE PUBLICATION 146442-2001 06/08/2019 1 06/08/2019 Book